[Event "ITA-ch U20"]
[Site "Bratto"]
[Date "2005.08.26"]
[Round "7"]
[White "Chinello, Gianmarco"]
[Black "Cozzarin, Davide"]
[Result "0-1"]
[WhiteElo "2070"]
[BlackElo "1646"]
[PlyCount "62"]
[EventDate "2005.08.20"]
[EventType "swiss"]
[EventRounds "9"]
[EventCountry "ITA"]
[SourceTitle "EXT 2006"]
[Source "ChessBase"]
[SourceDate "2005.11.24"]
[SourceVersion "1"]
[SourceVersionDate "2005.11.24"]
[SourceQuality "1"]

1. e4 c5 2. f4 Nc6 3. Nf3 d6 4. Bb5 Bd7 5. 0-0 g6 6. Nc3 Bg7 7. Be2 Nf6 8. d3 0-0 9. Qe1 a6 10. Qh4 b5 11. f5 Nd4 12. Bd1 Nxf3+ 13. Rxf3 b4 14. Ne2 e6 15. g4 exf5 16. exf5 Nd5 17. Bg5 Bf6 18. Bxf6 Qxf6 19. g5 Qxb2 20. f6 Kh8 21. Rc1 Nc3 22. Qe1 Nxa2 23. Rb1 Qxb1 24. Rf4 Rae8 25. Rh4 Nc3 26. Rxh7+ Kxh7 27. Qh4+ Kg8 28. Qh6 Qxd1+ 29. Kf2 Rxe2+ 30. Kg3 Qg1+ 31. Kf3 Qg4# 0-1

[Event "ITA-ch U20"]
[Site "Bratto"]
[Date "2005.08.25"]
[Round "6"]
[White "De Nardi, Riccardo"]
[Black "Chinello, Gianmarco"]
[Result "0-1"]
[WhiteElo "1717"]
[BlackElo "2070"]
[PlyCount "68"]
[EventDate "2005.08.20"]
[EventType "swiss"]
[EventRounds "9"]
[EventCountry "ITA"]
[SourceTitle "EXT 2006"]
[Source "ChessBase"]
[SourceDate "2005.11.24"]
[SourceVersion "1"]
[SourceVersionDate "2005.11.24"]
[SourceQuality "1"]

1. e4 e5 2. Nf3 Nc6 3. d4 exd4 4. Bc4 Nf6 5. 0-0 Nxe4 6. Re1 d5 7. Bxd5 Qxd5 8. Nc3 Qa5 9. Nxe4 Be6 10. Neg5 0-0-0 11. Nxe6 fxe6 12. Rxe6 Bd6 13. Bg5 Rde8 14. Qe2 Kd7 15. Re1 Qxe1+ 16. Qxe1 Rxe6 17. Qd2 Rhe8 18. Kf1 Kc8 19. a3 h6 20. Bh4 g5 21. Bg3 Bxg3 22. hxg3 Re4 23. Kg1 b6 24. Qd3 Kb7 25. b4 g4 26. b5 Nd8 27. Nxd4 Re1+ 28. Kh2 Rb1 29. Ne2 Re5 30. Ng1 Ne6 31. f4 Ree1 32. Qd5+ Kb8 33. Qc6 Nd8 34. Qd7 Rbd1 0-1

[Event "Pedavena op 1st"]
[Site "Pedavena"]
[Date "2005.08.06"]
[Round "6"]
[White "Pomaro, Alberto"]
[Black "Chinello, Gianmarco"]
[Result "1/2-1/2"]
[WhiteElo "1943"]
[BlackElo "2070"]
[PlyCount "36"]
[EventDate "2005.08.03"]
[EventType "swiss"]
[EventRounds "6"]
[EventCountry "ITA"]
[SourceTitle "EXT 2007"]
[Source "ChessBase"]
[SourceDate "2006.11.23"]
[SourceVersion "1"]
[SourceVersionDate "2006.11.23"]
[SourceQuality "1"]

1. d4 d5 2. c4 c6 3. cxd5 cxd5 4. Nc3 e6 5. Nf3 Nf6 6. Bf4 Bd7 7. e3 a6 8. Bd3 Nc6 9. 0-0 Be7 10. Rc1 0-0 11. Ne5 Rc8 12. Qe2 b5 13. a4 b4 14. Nb1 a5 15. Ba6 Nxe5 16. Bxc8 Bxc8 17. Bxe5 Ne8 18. b3 Nd6 1/2-1/2

[Event "Pedavena op 1st"]
[Site "Pedavena"]
[Date "2005.08.04"]
[Round "3"]
[White "Chinello, Gianmarco"]
[Black "Gaido, Paolo"]
[Result "1/2-1/2"]
[WhiteElo "2070"]
[BlackElo "2114"]
[PlyCount "64"]
[EventDate "2005.08.03"]
[EventType "swiss"]
[EventRounds "6"]
[EventCountry "ITA"]
[SourceTitle "EXT 2007"]
[Source "ChessBase"]
[SourceDate "2006.11.23"]
[SourceVersion "1"]
[SourceVersionDate "2006.11.23"]
[SourceQuality "1"]

1. e4 d6 2. d4 Nf6 3. Nc3 g6 4. Be3 c6 5. f3 b5 6. a3 Nbd7 7. d5 cxd5 8. Nxd5 a6 9. c4 bxc4 10. Bxc4 Bg7 11. Rc1 0-0 12. Nc7 Rb8 13. b4 Nc5 14. bxc5 Qxc7 15. cxd6 Qxd6 16. Qxd6 exd6 17. Rd1 Nd7 18. Rxd6 Ne5 19. Be2 Rb3 20. Bc5 Re8 21. Rd1 Bf8 22. Bxf8 Kxf8 23. a4 Ra3 24. Rd4 Nc6 25. Rd6 Nb4 26. Bd1 Ke7 27. Rd4 a5 28. Ne2 Nd3+ 29. Kd2 Rd8 30. Rxd8 Kxd8 31. Nc3 Nc5 32. Bc2 Bd7 1/2-1/2

[Event "ITA-ch U20"]
[Site "Porto San Giorgio"]
[Date "2004.08.23"]
[Round "4"]
[White "Forato, Enrico"]
[Black "Chinello, Gianmarco"]
[Result "0-1"]
[WhiteElo "1739"]
[BlackElo "2100"]
[PlyCount "74"]
[EventDate "2004.08.20"]
[EventType "swiss"]
[EventRounds "9"]
[EventCountry "ITA"]
[SourceTitle "EXT 2005"]
[Source "ChessBase"]
[SourceDate "2004.11.15"]
[SourceVersion "1"]
[SourceVersionDate "2004.11.15"]
[SourceQuality "1"]

1. e4 e5 2. Nf3 Nc6 3. d4 exd4 4. Bc4 Nf6 5. 0-0 Nxe4 6. Re1 d5 7. Bxd5 Qxd5 8. Nc3 Qa5 9. Nxe4 Be6 10. Neg5 0-0-0 11. Nxe6 fxe6 12. Rxe6 Qd5 13. Qe2 Bc5 14. Bg5 Rdf8 15. Qe4 Qxe4 16. Rxe4 Nb4 17. c3 dxc3 18. bxc3 Nd3 19. Be3 Re8 20. Rxe8+ Rxe8 21. Bxc5 Nxc5 22. Kf1 Ne4 23. c4 g5 24. g4 h5 25. h3 hxg4 26. hxg4 Rf8 27. Kg2 Rf4 28. Nxg5 Nxg5 29. Kg3 Rxc4 30. f4 Ne4+ 31. Kh4 Nf2 32. Kg3 Ne4+ 33. Kh4 Kd7 34. f5 Ke7 35. Rg1 Kf6 36. Kh5 Rc2 37. g5+ Nxg5 0-1

[Event "ITA-ch U20"]
[Site "Porto San Giorgio"]
[Date "2004.08.22"]
[Round "3"]
[White "Chinello, Gianmarco"]
[Black "Procacci, Sergio"]
[Result "1/2-1/2"]
[WhiteElo "2100"]
[BlackElo "1756"]
[PlyCount "70"]
[EventDate "2004.08.20"]
[EventType "swiss"]
[EventRounds "9"]
[EventCountry "ITA"]
[SourceTitle "EXT 2005"]
[Source "ChessBase"]
[SourceDate "2004.11.15"]
[SourceVersion "1"]
[SourceVersionDate "2004.11.15"]
[SourceQuality "1"]

1. e4 d5 2. exd5 Qxd5 3. Nc3 Qa5 4. Nf3 Nf6 5. d4 Bg4 6. Be2 e6 7. 0-0 c6 8. Ne5 Bxe2 9. Qxe2 Bd6 10. Bf4 Qc7 11. Rfe1 0-0 12. Ne4 Nxe4 13. Qxe4 Nd7 14. c4 Nxe5 15. Bxe5 Bxe5 16. Qxe5 Qxe5 17. Rxe5 Rad8 18. Rd1 Rfe8 19. Kf1 f6 20. Re4 Kf7 21. Ke2 Rd6 22. Ke3 e5 23. f4 exd4+ 24. Rdxd4 Rxd4 25. Kxd4 Rxe4+ 26. Kxe4 Ke6 27. g4 b6 28. b4 g6 29. h4 f5+ 30. gxf5+ gxf5+ 31. Kd4 Kd6 32. c5+ bxc5+ 33. bxc5+ Ke6 34. h5 h6 35. Kc4 Kf6 1/2-1/2

[Event "ITA-ch U20"]
[Site "Porto San Giorgio"]
[Date "2004.08.21"]
[Round "2"]
[White "Tomba, Ivan"]
[Black "Chinello, Gianmarco"]
[Result "1-0"]
[WhiteElo "2292"]
[BlackElo "2100"]
[PlyCount "88"]
[EventDate "2004.08.20"]
[EventType "swiss"]
[EventRounds "9"]
[EventCountry "ITA"]
[SourceTitle "EXT 2005"]
[Source "ChessBase"]
[SourceDate "2004.11.15"]
[SourceVersion "1"]
[SourceVersionDate "2004.11.15"]
[SourceQuality "1"]

1. e4 e5 2. Nf3 Nc6 3. d4 exd4 4. Nxd4 Bc5 5. Nxc6 Qf6 6. Qd2 Qxc6 7. Nc3 Bb4 8. Qd4 Bxc3+ 9. bxc3 Nf6 10. Bd3 d5 11. e5 Ne4 12. Bxe4 dxe4 13. Ba3 Bd7 14. 0-0 Qa4 15. Rfd1 0-0-0 16. Be7 Rde8 17. Bg5 h6 18. Be3 Rd8 19. Qc5 b6 20. Qd5 Bc6 21. Qxf7 Rxd1+ 22. Rxd1 Qxc2 23. Rc1 Rd8 24. h3 Rd1+ 25. Rxd1 Qxd1+ 26. Kh2 Qd5 27. Qxg7 Qxa2 28. Qxh6 Qd5 29. e6 a5 30. Qf6 a4 31. e7 Be8 32. Bc1 Kd7 33. Ba3 b5 34. h4 c5 35. Qb6 Qd6+ 36. Qxd6+ Kxd6 37. g4 Kd5 38. h5 Kc4 39. h6 Kxc3 40. h7 b4 41. h8Q+ Kc4 42. Qxe8 Kb3 43. Qf7+ Kxa3 44. e8Q b3 1-0

[Event "ITA-ch U20 26th"]
[Site "Bratto"]
[Date "2003.08.28"]
[Round "8"]
[White "Kidane, Robel"]
[Black "Chinello, Gianmarco"]
[Result "0-1"]
[WhiteElo "2045"]
[BlackElo "1681"]
[PlyCount "49"]
[EventDate "2003.08.21"]
[EventType "swiss"]
[EventRounds "9"]
[EventCountry "ITA"]
[SourceTitle "EXT 2007"]
[Source "ChessBase"]
[SourceDate "2006.11.23"]
[SourceVersion "1"]
[SourceVersionDate "2006.11.23"]
[SourceQuality "1"]

1. e4 e5 2. Nf3 Nc6 3. Bb5 f5 4. Nc3 fxe4 5. Nxe4 d5 6. Nxe5 dxe4 7. Nxc6 Qg5 8. Ne5+ c6 9. d4 Qxg2 10. Bf1 Qxh1 11. Qh5+ g6 12. Nxg6 hxg6 13. Qxh8 Ne7 14. Bh6 Qf3 15. Be2 Qf7 16. Bc4 Nd5 17. Bxf8 Qxf8 18. Qe5+ Qe7 19. Qh8+ Kd7 20. 0-0-0 Kc7 21. Re1 Rb8 22. Qh6 Qb4 23. Qg7+ Kb6 24. c3 Qxc4 25. Qe5 0-1

[Event "Padova op-A 5th"]
[Site "Padova"]
[Date "2002.12.22"]
[Round "6.29"]
[White "Chinello, Gianmarco"]
[Black "De Nard, Stefano"]
[Result "1-0"]
[WhiteElo "1687"]
[BlackElo "1398"]
[PlyCount "95"]
[EventDate "2002.12.14"]
[EventType "swiss"]
[EventRounds "6"]
[EventCountry "ITA"]
[SourceTitle "EXT 2023"]
[Source "ChessBase"]
[SourceDate "2022.10.05"]
[SourceVersion "1"]
[SourceVersionDate "2022.10.05"]
[SourceQuality "1"]

1. e4 c5 2. Nf3 d6 3. d4 cxd4 4. Nxd4 Nf6 5. Nc3 g6 6. Be3 Bg7 7. f3 0-0 8. Qd2 Nc6 9. g4 Be6 10. h4 h5 11. gxh5 Nxh5 12. Rg1 Rc8 13. Nxe6 fxe6 14. Be2 Qe8 15. Bh6 Qf7 16. Bxg7 Kxg7 17. 0-0-0 Qf4 18. Qxf4 Nxf4 19. Rg3 Rh8 20. Rg4 e5 21. Rdg1 Nd4 22. Bd1 Rh6 23. Kb1 Nh3 24. R1g2 Rf8 25. Nd5 e6 26. R4g3 exd5 27. Rxh3 Ne6 28. Rgg3 Nf4 29. Rh1 Rfh8 30. Rg4 Kf6 31. Kc1 Rc8 32. Kd2 Rc4 33. exd5 Rd4+ 34. Ke3 Nxd5+ 35. Kf2 Nf4 36. Ke3 Nd5+ 37. Kf2 Nf4 38. Ke1 Ne6 39. c3 Rxg4 40. fxg4 Nf4 41. g5+ Kg7 42. gxh6+ Kxh6 43. Bc2 b5 44. Kf2 d5 45. Kf3 Kh5 46. Re1 Kxh4 47. Rxe5 g5 48. Re8 1-0

[Event "Padova op-A 5th"]
[Site "Padova"]
[Date "2002.12.14"]
[Round "1.38"]
[White "Ju, Assan"]
[Black "Chinello, Gianmarco"]
[Result "1/2-1/2"]
[WhiteElo "1500"]
[BlackElo "1687"]
[PlyCount "160"]
[EventDate "2002.12.14"]
[EventType "swiss"]
[EventRounds "6"]
[EventCountry "ITA"]
[SourceTitle "EXT 2023"]
[Source "ChessBase"]
[SourceDate "2022.10.05"]
[SourceVersion "1"]
[SourceVersionDate "2022.10.05"]
[SourceQuality "1"]

1. c4 e6 2. g3 Nf6 3. Bg2 d5 4. cxd5 exd5 5. Nf3 Be6 6. 0-0 Be7 7. e3 0-0 8. Nc3 c6 9. d3 Re8 10. a3 Bg4 11. Rb1 Nbd7 12. Qc2 Qc7 13. b3 a6 14. Bb2 Rac8 15. Rfe1 Bd6 16. h3 Bxf3 17. Bxf3 Ne5 18. Bg2 h6 19. Rbc1 Nh7 20. d4 Ng6 21. e4 dxe4 22. Bxe4 Re6 23. Bf5 Rxe1+ 24. Rxe1 Rf8 25. Bxg6 fxg6 26. Qxg6 Ng5 27. Kg2 Qd7 28. g4 Nf3 29. Qe6+ Rf7 30. Qe8+ Bf8 31. Re3 Qxe8 32. Rxe8 Nxd4 33. b4 Kh7 34. Ne4 Nb5 35. Nc3 Nd6 36. Re2 Nc4 37. Bc1 c5 38. b5 axb5 39. Nxb5 b6 40. Re4 Nd6 41. Nxd6 Bxd6 42. a4 Rb7 43. Re6 Be7 44. f4 g6 45. Bb2 Bf8 46. Rc6 Bg7 47. Be5 g5 48. Rc7 Rxc7 49. Bxc7 gxf4 50. Bxb6 c4 51. a5 c3 52. a6 c2 53. a7 c1Q 54. a8Q Qd2+ 55. Bf2 Qc2 56. Qf3 Be5 57. Qd5 Qc7 58. Qe4+ Kg7 59. Bd4 Bxd4 60. Qxd4+ Kg6 61. Kf3 Kg5 62. Qd5+ Kf6 63. Qf5+ Kg7 64. Qd3 Qe5 65. Qd7+ Kf6 66. Qd8+ Qe7 67. Qxe7+ Kxe7 68. Kxf4 Ke6 69. h4 Kf6 70. Ke4 Ke6 71. Kd4 Kd6 72. g5 hxg5 73. hxg5 Ke6 74. Ke4 Kf7 75. Kf5 Kg7 76. g6 Kf8 77. Kf6 Kg8 78. Kf5 Kg7 79. Kg5 Kh8 80. Kh5 Kg8 1/2-1/2

[Event "ITA-ch U20 25th"]
[Site "Bratto"]
[Date "2002.08.20"]
[Round "1"]
[White "Mogranzini, Roberto"]
[Black "Chinello, Gianmarco"]
[Result "1-0"]
[WhiteElo "2149"]
[BlackElo "1636"]
[PlyCount "91"]
[EventDate "2002.08.20"]
[EventType "swiss"]
[EventRounds "9"]
[EventCountry "ITA"]
[SourceTitle "EXT 2007"]
[Source "ChessBase"]
[SourceDate "2006.11.23"]
[SourceVersion "1"]
[SourceVersionDate "2006.11.23"]
[SourceQuality "1"]

1. e4 e5 2. Nf3 Nc6 3. Bb5 f5 4. d3 fxe4 5. dxe4 Nf6 6. 0-0 d6 7. Bg5 Bd7 8. Nc3 Be7 9. Bxf6 Bxf6 10. Qd5 Qe7 11. a3 0-0-0 12. b4 a6 13. Bc4 Nd4 14. Nd2 Bg5 15. Qa5 Nc6 16. Qd5 Nd4 17. Ncb1 c5 18. bxc5 Be6 19. cxd6 Qxd6 20. Qa5 Kb8 21. Bd3 Rc8 22. Re1 Nxc2 23. Bxc2 Rxc2 24. Nf3 Bf6 25. Nbd2 Rhc8 26. Nf1 Qc7 27. Qb4 Be7 28. Qb1 Qc5 29. Ne3 Rc3 30. Qb2 Rb3 31. Qe2 Bg4 32. Nxg4 Rxa3 33. Rxa3 Qxa3 34. Ngxe5 Bb4 35. Rd1 Rc1 36. g3 Rc7 37. Kg2 Re7 38. Nd3 Bd6 39. e5 Bc7 40. Nf4 Qb3 41. Nd5 Rd7 42. e6 Rd8 43. e7 Re8 44. Nxc7 Kxc7 45. Qe5+ Kc8 46. Rc1+ 1-0

[Event "Padova Fornace op 4th"]
[Site "Padova"]
[Date "2001.12.22"]
[Round "4.20"]
[White "Chinello, Gianmarco"]
[Black "Arras, Antonio"]
[Result "1-0"]
[WhiteElo "1500"]
[BlackElo "1458"]
[PlyCount "37"]
[EventDate "2001.12.15"]
[EventType "swiss"]
[EventRounds "6"]
[EventCountry "ITA"]
[SourceTitle "EXT 2024"]
[Source "ChessBase"]
[SourceDate "2023.10.10"]
[SourceVersion "1"]
[SourceVersionDate "2023.10.10"]
[SourceQuality "1"]

1. e4 e5 2. Nf3 Nf6 3. Nxe5 d6 4. Nf3 Nxe4 5. d3 Nf6 6. Be2 Be7 7. Nc3 b6 8. 0-0 Bb7 9. Nd4 d5 10. Re1 0-0 11. Bg5 c5 12. Nf5 d4 13. Nxe7+ Qxe7 14. Bf3 Bxf3 15. Qxf3 Qc7 16. Bxf6 gxf6 17. Nd5 Qd6 18. Ne7+ Kh8 19. Qxa8 1-0

[Event "Padova Fornace op 4th"]
[Site "Padova"]
[Date "2001.12.16"]
[Round "2.21"]
[White "Chinello, Gianmarco"]
[Black "Binder, Andrea"]
[Result "1/2-1/2"]
[WhiteElo "1500"]
[BlackElo "1600"]
[PlyCount "119"]
[EventDate "2001.12.15"]
[EventType "swiss"]
[EventRounds "6"]
[EventCountry "ITA"]
[SourceTitle "EXT 2024"]
[Source "ChessBase"]
[SourceDate "2023.10.10"]
[SourceVersion "1"]
[SourceVersionDate "2023.10.10"]
[SourceQuality "1"]

1. e4 d6 2. d4 Nf6 3. Nc3 g6 4. Be3 c6 5. Nf3 Bg7 6. Qd2 b5 7. a3 Bb7 8. d5 a6 9. a4 b4 10. Na2 a5 11. Qd4 cxd5 12. Bb5+ Nbd7 13. e5 dxe5 14. Nxe5 0-0 15. Nxd7 Nxd7 16. Qd2 Bxb2 17. Rd1 Bg7 18. c3 bxc3 19. Nxc3 e6 20. Bh6 Ba6 21. h4 Bxb5 22. Nxb5 Bxh6 23. Qxh6 Qf6 24. Kf1 Nc5 25. f3 Nxa4 26. h5 Rab8 27. Nd4 Nb2 28. Nc6 Nxd1 29. hxg6 Ne3+ 30. Ke2 Rb2+ 31. Kxe3 Qc3+ 32. Kf4 Qd2+ 33. Kg3 Qxh6 34. gxf7+ Rxf7 35. Rxh6 Rg7+ 36. Kf4 a4 37. Rxe6 Rf7+ 38. Ke5 Rxg2 39. Nd4 a3 40. Ra6 a2 41. Kxd5 Rd2 42. Kc4 Rc7+ 43. Kb3 Rxd4 44. Kxa2 Rb4 45. Ra8+ Kg7 46. Ra3 Rc2+ 47. Ka1 Rbb2 48. Ra7+ Kg6 49. Ra6+ Kg5 50. f4+ Kxf4 51. Rf6+ Kg5 52. Rf5+ Kg4 53. Rg5+ Kf4 54. Rf5+ Ke4 55. Re5+ Kd4 56. Rd5+ Kc4 57. Rc5+ Kb3 58. Rc3+ Ka4 59. Ra3+ Kb5 60. Ra5+ 1/2-1/2